Subsea engineering handbook / (Record no. 23852)

MARC details
000 -LEADER
fixed length control field 00841cam a22002415a 4500
001 - CONTROL NUMBER
control field 17114585
005 - DATE AND TIME OF LATEST TRANSACTION
control field 20170105150031.0
008 - FIXED-LENGTH DATA ELEMENTS--GENERAL INFORMATION
fixed length control field 120110t2012 maua frbf 001 0 eng d
020 ## - INTERNATIONAL STANDARD BOOK NUMBER
International Standard Book Number 9780123978042
040 ## - CATALOGING SOURCE
Original cataloging agency DLC
Language of cataloging eng
Transcribing agency DLC
Modifying agency YDX
-- BTCTA
-- YDXCP
-- DLC
-- EG-ScBUE
082 04 - DEWEY DECIMAL CLASSIFICATION NUMBER
Edition number 22
Classification number 627.98
Item number BAI
100 1# - MAIN ENTRY--PERSONAL NAME
Personal name Bai, Yong.
9 (RLIN) 37847
245 10 - TITLE STATEMENT
Title Subsea engineering handbook /
Statement of responsibility, etc Yong Bai, Qiang Bai.
260 ## - PUBLICATION, DISTRIBUTION, ETC. (IMPRINT)
Place of publication, distribution, etc Waltham ;
-- Oxford :
Name of publisher, distributor, etc Gulf Professional Publisher / Elsevier,
Date of publication, distribution, etc c.2012.
300 ## - PHYSICAL DESCRIPTION
Extent xxxvi, 919 p. :
Other physical details ill. ;
Dimensions 24 cm.
504 ## - BIBLIOGRAPHY, ETC. NOTE
Bibliography, etc Includes bibliographical references and index.
650 #0 - SUBJECT ADDED ENTRY--TOPICAL TERM
Topical term or geographic name as entry element Offshore structures
Form subdivision Handbooks, manuals, etc.
Source of heading or term BUEsh
650 #0 - SUBJECT ADDED ENTRY--TOPICAL TERM
Topical term or geographic name as entry element Offshore oil well drilling
Form subdivision Handbooks, manuals, etc.
Source of heading or term BUEsh
651 ## - SUBJECT ADDED ENTRY--GEOGRAPHIC NAME
Source of heading or term BUEsh
653 ## - INDEX TERM--UNCONTROLLED
Resource For college Engineering, Petroleum
Arrived date list January2017
700 1# - ADDED ENTRY--PERSONAL NAME
Personal name Bai, Qiang.
9 (RLIN) 37844
942 ## - ADDED ENTRY ELEMENTS (KOHA)
Source of classification or shelving scheme Dewey Decimal Classification
Holdings
Withdrawn status Item status Source of classification or shelving scheme Damaged status Not for loan Vendor Home library Current library Shelving location Date acquired Source of acquisition Cost, normal purchase price Serial Enumeration / chronology Total Checkouts Full call number Barcode Date last seen Cost, replacement price Koha item type
    Dewey Decimal Classification     Academic Bookshop Central Library Central Library First floor 05/01/2017 Purchase 1417.50 2000085   627.98 BAI 000040774 15/07/2025 1771.88 Book - Borrowing